Catálogo

Las organización de los Estados Americanos / (Registro nro. 13282)

Detalles MARC
000 -LEADER
fixed length control field 01404cam a2200337 i 4500
001 - CONTROL NUMBER
control field 13282
003 - CONTROL NUMBER IDENTIFIER
control field Mx-PuUPA
005 - DATE AND TIME OF LATEST TRANSACTION
control field 20240410103501.0
008 - FIXED-LENGTH DATA ELEMENTS--GENERAL INFORMATION
fixed length control field 140415s1968 mx gre 000 0 spa d
040 ## - CATALOGING SOURCE
Original cataloging agency Mx-PuUPA
Language of cataloging spa
Transcribing agency Mx-PuUPA
Modifying agency Mx-PuUPA
Description conventions rda
041 1# - LANGUAGE CODE
Language code of text/sound track or separate title spa
Language code of original eng
100 1# - MAIN ENTRY--PERSONAL NAME
Personal name Thomas, Ann Van Wynen,
Dates associated with a name 1919
Relator term autor
9 (RLIN) 12520
240 14 - UNIFORM TITLE
Uniform title The organization of American States.
Language of a work Español
245 14 - TITLE STATEMENT
Title Las organización de los Estados Americanos /
Statement of responsibility, etc. Ann Van Wynen Thomas, A.J. Thomas, Jr. ; traducción al español por Armando Arrangoiz
250 ## - EDITION STATEMENT
Edition statement Primera edición
264 #1 - PRODUCTION, PUBLICATION, DISTRIBUTION, MANUFACTURE, AND COPYRIGHT NOTICE
Place of production, publication, distribution, manufacture México, D.F. :
Name of producer, publisher, distributor, manufacturer Unión Tipográfica Editorial Hispano Americana,
Date of production, publication, distribution, manufacture, or copyright notice ©1968
300 ## - PHYSICAL DESCRIPTION
Extent xiii, 692 páginas ;
Dimensions 23 cm.
336 ## - CONTENT TYPE
Fuente rdacontent
Content type term texto
Content type code txt
337 ## - MEDIA TYPE
Source rdamedia
Media type term sin medio
Media type code n
338 ## - CARRIER TYPE
Source rdacarrier
Carrier type term volumen
Carrier type code nc
650 #7 - SUBJECT ADDED ENTRY--TOPICAL TERM
Topical term or geographic name entry element Organización de los Estados Americanos (Washington)
Source of heading or term armarc
650 #7 - SUBJECT ADDED ENTRY--TOPICAL TERM
Topical term or geographic name entry element Panamericanismo
Source of heading or term armarc
650 #7 - SUBJECT ADDED ENTRY--TOPICAL TERM
Topical term or geographic name entry element Política internacional
Source of heading or term armarc
650 #7 - SUBJECT ADDED ENTRY--TOPICAL TERM
Topical term or geographic name entry element Organismos internacionales,
Source of heading or term armarc
700 1# - ADDED ENTRY--PERSONAL NAME
Personal name Thomas, A.J., Jr.
Relator term autor
700 1# - ADDED ENTRY--PERSONAL NAME
Personal name Arrangoiz, Armando,
Relator term traductor
765 08 - ORIGINAL LANGUAGE ENTRY
Main entry heading Thomas, Ann Van Wynen, 1919
Place, publisher, and date of publication EE. UU. : Sothern Methodist University, [Fecha de publicación no identificado]
Title The organization of American States.
942 ## - ADDED ENTRY ELEMENTS (KOHA)
Source of classification or shelving scheme Dewey Decimal Classification
Koha item type Libro
Classification part 341.187
Item part T445
Existencias
Withdrawn status Lost status Source of classification or shelving scheme Damaged status Not for loan Collection code Home library Current library Shelving location Date acquired Source of acquisition Total Checkouts Full call number Barcode Date last seen Price effective from Koha item type Copy number
    Dewey Decimal Classification     Referencia Biblioteca Karol Wojtyla Biblioteca Karol Wojtyla Área de silencio 03/12/2013 Compra   341.187 T445 1968 4130 05/01/2026 03/12/2013 Libro R  
    Dewey Decimal Classification     Referencia Biblioteca Karol Wojtyla Biblioteca Karol Wojtyla Área de silencio 03/12/2013 Compra   341.187 T445 1968 7933 05/01/2026 03/12/2013 Libro R Ej.2
    Dewey Decimal Classification     Referencia Biblioteca Karol Wojtyla Biblioteca Karol Wojtyla Área de silencio 03/12/2013 Compra   341.187 T445 1968 30068 05/01/2026 03/12/2013 Libro R Ej.3